| 000 | 00811nam a2200241 a 4500 | ||
|---|---|---|---|
| 001 | 12674 | ||
| 003 | CO-ViMGA | ||
| 008 | 141112s2004 ck r 000 u spa d | ||
| 020 | _a9589089186 | ||
| 040 |
_aCO-ViMGA _bspa _cCO-ViMGA |
||
| 082 | 0 | 4 | _a370.78 B746i |
| 100 | 1 |
_aBriones, Guillermo _95969 |
|
| 245 | 1 | 0 | _aLa Investigación social y educativa |
| 250 | _a2 | ||
| 260 |
_aBogotá : _bSecreataria ejecutiva del Convenio Andres Bello, _c1996 |
||
| 300 | _a149p. | ||
| 490 | _aFormación de docentes en investigación educativa | ||
| 650 | 1 | 4 |
_aCONTENIDOS Y OBJETIVOS GENERALES DEL CURSO _918288 |
| 650 | 1 | 4 |
_aLA educación Y LA IMPORTANCIA DE LA Investigación educaciónAL _918289 |
| 650 | 1 | 4 |
_aPROCESO DE Investigación SOCIAL _918290 |
| 650 | 1 | 4 |
_aTEMA DE LA Investigación _918291 |
| 942 |
_2ddc _cBK |
||
| 999 |
_c23640 _d23640 |
||